000 00491nam a2200169Ia 4500
008 131103s9999 xx 000 0 und d
040 _aLoreto College
041 _aEnglish
082 _a038/STU
_bLCLIB
245 4 _aThe Random house dictionary of the English language
_cStuart Berg Flexner
260 _aNew York
_bRandom House
_cc 1968
300 _a1568p.
_c 28c.m.
650 _aDictionary - english
700 _aFlexner, Stuart Berg; ed.
850 _aLCLIB/038/STU
942 _cBK
999 _c23635
_d74114